Statistiques concernant Hymne Allez Nantais

Cliquez ici pour prendre le quiz!

Statistiques générales

  • Ce quiz a été pris 13 fois
  • Le résultat moyen est 62 sur 91

Statistiques - réponses

HintRéponse% Correct
À
100%
Allez
100%
Allez
100%
Allez
100%
Le
91%
Nantais
91%
Nantais
91%
Nantais
91%
Et
82%
Et
82%
Et
82%
Jouez
82%
Les
82%
Les
82%
Nous
82%
Nous
82%
Nous
82%
Tous
82%
Vous
82%
Vous
82%
Vous
82%
Avec
73%
Ballon
73%
Beaujoire
73%
Bretagne
73%
Canaris
73%
Champions
73%
Crions
73%
De
73%
De
73%
De
73%
De
73%
De
73%
De
73%
Des
73%
Des
73%
Des
73%
Du
73%
Du
73%
Gagnez
73%
Jaunes
73%
La
73%
La
73%
La
73%
La
73%
La
73%
La
73%
Pour
73%
Pour
73%
Seul
73%
Seul
73%
Sommes
73%
Supporter
73%
Sur
73%
Sur
73%
Vendée
73%
Verts
73%
Air
64%
Au
64%
D'un
64%
Elan
64%
Etes
64%
Fierte
64%
Loire
64%
Magiciens
64%
Nord
64%
Notre
64%
Notre
64%
Region
64%
Rond
64%
Sud
64%
Un
64%
Bien
55%
Chorale
55%
Haut
55%
Portez
55%
En
45%
Fanion
45%
Nos
45%
Nos
45%
Par
45%
Chants
36%
Choeur
36%
Clameurs
36%
Repris
36%
Soutien
36%
Compter
27%
SigleFcna
27%
Peux
27%
Tu
27%
Venus
18%

Distribution des résultats

Percentile par nombre de réponses

% des personnes avec chaque résultat

Votre développement - résultats

Vous n’avez pas pris ce quiz